000 00820nam a2200217Ii 4500
003 JO-AjNU
008 230605s9999||||xx |||||||||||||| ||und||
017 _a2005/2/368
040 _aJO-AjNU
_bara
_erda
_cJO-AjNU
041 _aara
050 1 4 _aBP173.75 2006
100 3 _aالهيتي، عبد الستار ابراهيم,
_eauthor
_927969
245 0 0 _aالسياسة السعرية في المذهب الإقتصادي الإسلامي
250 _aط1
264 3 1 _aعمان: مؤسسة الوراق للنشر والتوزيع، 2006
300 _a212ص
_bيتضمن ببلوغرافيا(ص196-212)
336 _atext
_btxt
_2rdacontent
337 _aunmediated
_bn
_2rdamedia
338 _avolume
_bnc
_2rdacarrier
650 4 _aالاقتصاد الاسلامي- التنمية الاقتصادية
_927970
999 _aA10791
_c14359
_d14359